Normal view
MARC view
- التشريع الجزائي الاردني
Entry Topical Term
001 - CONTROL NUMBER
- control field: 62564
003 - CONTROL NUMBER IDENTIFIER
- control field: JO-AjAnu
005 - DATE AND TIME OF LATEST TRANSACTION
- control field: 20230606084222.0
008 - FIXED-LENGTH DATA ELEMENTS
- fixed length control field: 230606|| aca||aabn | a|a d
040 ## - CATALOGING SOURCE
- Original cataloging agency: JO-AjAnu
- Transcribing agency: JO-AjAnu
150 ## - HEADING--TOPICAL TERM
- Topical term or geographic name entry element: التشريع الجزائي الاردني
670 ## - SOURCE DATA FOUND
- Source citation: Work cat.: (JO-AjAnu)31904: اعداد عبابنة، مصطفى ابراهيم مصطفى؛ اشراف عبدالله ماجد العكايلة, author 62563, مدى فاعلية الرقابة الالكترونية كبديل عن التوقيف في التشريع الجزائي الاردني = The Extent of Effectiveness of Electronic Monitoring as an Alternative to Detention in Jordan Penal Legislation